000 00323nam a2200133Ia 4500
008 240614s9999 xx 000 0 und d
041 _aeng
100 _aDhumal, K. N. & Others
_9206947
245 _aEnvironment Studies
250 _a3rd
260 _bNirali
_c2022
_aPune
300 _aR.2
650 _aGeography
_9206948
999 _c358270
_d358270